000
00271nam a22001217a 4500
008
171016b xxu||||| |||| 00| 0 eng d
041
_a
eng
080
_a
330.101.541
100
_a
52
101
_a
EKO
245
_a
BASICS OF MACROECONOMICS
_c
WILLIS, J
942
_2
udc
_c
BK
999
_c
34091
_d
34091